000 00987nam a2200265 a 4500
001 000038466
003 DO-SdBNP
005 20220916093610.0
007 ta
008 130412s2004 dr 000 0 spa d
040 _aDO-SdBNP
_bspa
_cBNPHU
082 _axxx
_bR426
110 1 _aRepública Dominicana. [Leyes, etc.]
_9447
240 1 0 _a[Leyes, etc.]
245 1 0 _aReglamento ley no.131-03 que crea la Corporación Estatal de Radio y Televisión (CERTV).
246 1 3 _aEl Congreso Nacional en nombre de la República
260 _aSanto Domingo :
_bCongreso Nacional,
_c2004
300 _a15 p. ;
_c23 cm.
515 _aPublicado en partes: v.1 - Poder legislativo , v.2 - Poder ejecutivo de 1937-
590 _aInventariado,2022 / DG
650 _935308
785 0 0 _aRepública Dominicana.
_s[Leyes, etc.].
_tColección de leyes, resoluciones, decretos y reglamentos de los poderes legislativo y ejecutivo de la República Dominicana
910 _aDG
942 _2ddc
_cLF2
999 _c52412
_d52412